000 00389nam a2200157 a 4500
005 20140310183234.0
008 040709s19uu xx 00 eng d
050 _aQM 451
_b.N277 1997
100 _aNTTC
245 _aIntroduction to nervous system :
_bAP13.1 /
_cNTTC.
260 _c1997.
300 _a21 p. :
_c22 cm.
942 _cBK
_2lcc
_kLOC
999 _c20538
_d20538